[Event "Wch Blitz (Women)"]
[Site "Samarkand"]
[Date "2023.12.30"]
[Round "17"]
[White "Aydin, Gulenay"]
[Black "Zhu, Chen"]
[Result "1-0"]
[WhiteElo "2152"]
[BlackElo "2423"]
[PlyCount "123"]
[EventDate "2023.12.29"]
[EventType "swiss (blitz)"]
[EventRounds "17"]
[EventCountry "UZB"]
[SourceTitle "CBM 217 Extra"]
[Source "ChessBase"]
[SourceDate "2024.01.31"]
[SourceVersion "1"]
[SourceVersionDate "2024.01.31"]
[SourceQuality "1"]

1. e4 d6 2. d4 Nf6 3. Nc3 e5 4. dxe5 dxe5 5. Qxd8+ Kxd8 6. Bc4 Ke8 7. f4 exf4 8. Bxf4 c6 9. Nf3 Bg4 10. h3 Bxf3 11. gxf3 Nbd7 12. 0-0-0 Nb6 13. Bd3 Nh5 14. Be3 Nd7 15. Rhg1 Bc5 16. Bxc5 Nxc5 17. Bc4 g6 18. Ne2 Ke7 19. b4 Ne6 20. Kb2 Rad8 21. a4 Nef4 22. Nxf4 Nxf4 23. h4 f6 24. Rde1 Rd2 25. Kc3 Rhd8 26. e5 f5 27. a5 Rf2 28. Re3 Rdd2 29. Rc1 Ng2 30. Rd3 Rxd3+ 31. cxd3 Rxf3 32. Rh1 Nf4 33. Kd4 Ne2+ 34. Kc5 Re3 35. b5 Rxe5+ 36. Kb4 cxb5 37. Bxb5 Nd4 38. Bc4 Nc6+ 39. Kc3 Rxa5 40. h5 Kf6 41. hxg6 hxg6 42. Rh7 b5 43. Bb3 Ne5 44. Rb7 a6 45. d4 Ng4 46. Rb6+ Kg5 47. d5 Nf2 48. d6 Ne4+ 49. Kb4 Ra1 50. d7 a5+ 51. Kxb5 Rb1 52. d8Q+ Kf4 53. Kxa5 Ra1+ 54. Ba4 g5 55. Qc7+ Kg4 56. Rb5 Rf1 57. Rb4 Rf2 58. Bc6 Ra2+ 59. Kb6 Re2 60. Bxe4 fxe4 61. Qf7 Kg3 62. Qf5 1-0

[Event "Wch Blitz (Women)"]
[Site "Samarkand"]
[Date "2023.12.30"]
[Round "12"]
[White "Poliakova, Varvara"]
[Black "Zhu, Chen"]
[Result "1-0"]
[WhiteElo "1959"]
[BlackElo "2423"]
[PlyCount "94"]
[EventDate "2023.12.29"]
[EventType "swiss (blitz)"]
[EventRounds "17"]
[EventCountry "UZB"]
[SourceTitle "CBM 217 Extra"]
[Source "ChessBase"]
[SourceDate "2024.01.31"]
[SourceVersion "1"]
[SourceVersionDate "2024.01.31"]
[SourceQuality "1"]

1. e4 d6 2. d4 Nf6 3. Nc3 e5 4. Nf3 Nbd7 5. Bc4 Be7 6. 0-0 0-0 7. Re1 c6 8. a4 b6 9. h3 Bb7 10. Ba2 a6 11. Be3 b5 12. axb5 axb5 13. Qd3 exd4 14. Bxd4 b4 15. Ne2 c5 16. Bxf6 Bxf6 17. c3 Ne5 18. Nxe5 dxe5 19. Bd5 Rxa1 20. Rxa1 Bxd5 21. exd5 Qd6 22. c4 g6 23. Ng3 Bg7 24. Ne4 Qb6 25. Qe3 Rc8 26. Rd1 f5 27. Ng5 e4 28. b3 Bd4 29. Qe2 Ra8 30. Ne6 Bc3 31. Qe3 Bd4 32. Nxd4 cxd4 33. Qxd4 Qxd4 34. Rxd4 Kf7 35. c5 Ke7 36. Rxb4 Ra1+ 37. Kh2 Rc1 38. Rb7+ Kf6 39. c6 Ke5 40. Rd7 Rc2 41. c7 f4 42. d6 e3 43. fxe3 f3 44. Rd8 f2 45. c8Q Rxc8 46. Rxc8 f1Q 47. d7 Kd5 1-0

[Event "Wch Blitz (Women)"]
[Site "Samarkand"]
[Date "2023.12.29"]
[Round "8"]
[White "Zhu, Chen"]
[Black "Allahverdiyeva, Ayan"]
[Result "1-0"]
[WhiteElo "2423"]
[BlackElo "2148"]
[PlyCount "100"]
[EventDate "2023.12.29"]
[EventType "swiss (blitz)"]
[EventRounds "17"]
[EventCountry "UZB"]
[SourceTitle "CBM 217 Extra"]
[Source "ChessBase"]
[SourceDate "2024.01.31"]
[SourceVersion "1"]
[SourceVersionDate "2024.01.31"]
[SourceQuality "1"]

1. d4 Nf6 2. c4 e6 3. Nf3 b6 4. g3 Ba6 5. b3 Bb4+ 6. Bd2 Be7 7. Nc3 0-0 8. Bg2 d5 9. cxd5 exd5 10. 0-0 Re8 11. Re1 Bb7 12. Ne5 Nbd7 13. Nd3 Bf8 14. Bf4 a6 15. Rc1 Rc8 16. Bh3 h6 17. Be5 Ne4 18. Bf4 Bb4 19. Nxb4 Qe7 20. Nbxd5 Qd8 21. Nxe4 Bxd5 22. Nc3 Bb7 23. e4 c6 24. e5 Qe7 25. Qg4 Rcd8 26. Bxh6 f6 27. e6 Nf8 28. Rcd1 Bc8 29. d5 cxd5 30. Nxd5 Rxd5 31. Rxd5 Bxe6 32. Rxe6 Nxe6 33. Qxe6+ Qxe6 34. Bxe6+ Rxe6 35. Rd8+ Kh7 36. Be3 b5 37. h4 Rc6 38. Ra8 Kg6 39. Kg2 Kf5 40. Ra7 g6 41. a4 bxa4 42. bxa4 Ke4 43. a5 Kd5 44. Bb6 g5 45. hxg5 fxg5 46. Rxa6 g4 47. Ra8 Rg6 48. Be3 Rg7 49. a6 Kc6 50. Rf8 Kd5 1-0

[Event "Wch Rapid (Women)"]
[Site "Samarkand"]
[Date "2023.12.28"]
[Round "9"]
[White "Zhu, Chen"]
[Black "Rakshitta, Ravi"]
[Result "0-1"]
[WhiteElo "2423"]
[BlackElo "2245"]
[PlyCount "54"]
[EventDate "2023.12.26"]
[EventType "swiss (rapid)"]
[EventRounds "11"]
[EventCountry "UZB"]
[SourceTitle "CBM 217 Extra"]
[Source "ChessBase"]
[SourceDate "2024.01.31"]
[SourceVersion "1"]
[SourceVersionDate "2024.01.31"]
[SourceQuality "1"]

1. d4 Nf6 2. Nf3 g6 3. Bg5 Bg7 4. Bxf6 Bxf6 5. e4 d6 6. c3 Nd7 7. Nbd2 0-0 8. Bc4 c5 9. dxc5 Nxc5 10. 0-0 Qc7 11. Re1 a6 12. a4 Bd7 13. a5 b5 14. axb6 Qxb6 15. b4 Ne6 16. e5 Bg7 17. Bd5 Rac8 18. Nc4 Qc7 19. exd6 exd6 20. Ra3 Nf4 21. Nxd6 Rcd8 22. Nb7 Nxd5 23. Nxd8 Nxc3 24. Qc2 Rxd8 25. Rxa6 Bb5 26. Ra5 Ne2+ 27. Rxe2 Qxc2 0-1

[Event "Wch Rapid (Women)"]
[Site "Samarkand"]
[Date "2023.12.27"]
[Round "5"]
[White "Zhu, Chen"]
[Black "Franco Valencia, Angela Maria"]
[Result "1-0"]
[WhiteElo "2423"]
[BlackElo "2095"]
[PlyCount "93"]
[EventDate "2023.12.26"]
[EventType "swiss (rapid)"]
[EventRounds "11"]
[EventCountry "UZB"]
[SourceTitle "CBM 217 Extra"]
[Source "ChessBase"]
[SourceDate "2024.01.31"]
[SourceVersion "1"]
[SourceVersionDate "2024.01.31"]
[SourceQuality "1"]

1. d4 Nf6 2. c4 e5 3. dxe5 Ng4 4. Nf3 Nc6 5. Bf4 Bb4+ 6. Nbd2 Qe7 7. a3 Ngxe5 8. Nxe5 Nxe5 9. e3 Bxd2+ 10. Qxd2 d6 11. Be2 h5 12. h3 h4 13. Qc3 Bf5 14. c5 a6 15. cxd6 cxd6 16. Rd1 0-0 17. Qb4 Rfd8 18. Bxe5 Qxe5 19. Rd4 a5 20. Qb5 Qxb5 21. Bxb5 Rac8 22. 0-0 Rc2 23. b4 axb4 24. axb4 Ra8 25. Rxh4 Rd2 26. Rf4 Be6 27. h4 Raa2 28. Rc1 Rac2 29. Rxc2 Rxc2 30. Rd4 Rb2 31. g4 Kf8 32. Kg2 Ke7 33. Bd3 Bd7 34. Kg3 Rd2 35. h5 Rd1 36. Be2 Rg1+ 37. Kh2 Re1 38. Bf3 Rf1 39. Kg2 Rc1 40. Bxb7 Rc2 41. Kg3 Rc1 42. Bf3 Rg1+ 43. Kh2 Rb1 44. g5 Bf5 45. Rf4 g6 46. h6 Ra1 47. h7 1-0

[Event "Wch Rapid (Women)"]
[Site "Samarkand"]
[Date "2023.12.26"]
[Round "2"]
[White "Getman, Tatyana"]
[Black "Zhu, Chen"]
[Result "1/2-1/2"]
[WhiteElo "2188"]
[BlackElo "2423"]
[PlyCount "143"]
[EventDate "2023.12.26"]
[EventType "swiss (rapid)"]
[EventRounds "11"]
[EventCountry "UZB"]
[SourceTitle "CBM 217 Extra"]
[Source "ChessBase"]
[SourceDate "2024.01.31"]
[SourceVersion "1"]
[SourceVersionDate "2024.01.31"]
[SourceQuality "1"]

1. d4 d5 2. c4 c6 3. Nf3 Nf6 4. Nc3 e6 5. Bg5 h6 6. Bxf6 Qxf6 7. e3 g6 8. Bd3 Bg7 9. 0-0 0-0 10. e4 dxc4 11. Bxc4 Nd7 12. e5 Qe7 13. Qe2 Nb6 14. Bb3 c5 15. dxc5 Qxc5 16. Ne4 Qe7 17. Qe3 Bd7 18. Qf4 Bc6 19. Nf6+ Kh8 20. Nd4 Nd7 21. Nxc6 bxc6 22. Nxd7 Qxd7 23. Rfd1 Qc7 24. Rd6 Qa5 25. Rxc6 Qxe5 26. Qxe5 Bxe5 27. Rc2 Rac8 28. Rac1 Rxc2 29. Rxc2 Rb8 30. g3 Kg7 31. Kg2 g5 32. Rd2 Rb7 33. h3 Kf6 34. Re2 a5 35. Kf3 Rb4 36. Re4 Rb5 37. Re2 Bd4 38. Bc4 Rxb2 39. Rxb2 Bxb2 40. Ke4 Ke7 41. g4 Bc1 42. Bb5 Bf4 43. Ba4 Kf6 44. Bb5 Kg6 45. Be8 Bd6 46. Bd7 h5 47. a4 h4 48. Be8 Kf6 49. Bd7 Ke7 50. Bb5 Bf4 51. f3 Kd6 52. Be8 Ke7 53. Bb5 Bc1 54. Bc6 Kd6 55. Be8 f6 56. Bb5 Kc5 57. Bd7 Kb4 58. Kd3 Bf4 59. Be8 f5 60. gxf5 exf5 61. Bd7 Bd6 62. Bxf5 Kxa4 63. Kc2 Kb4 64. Kb2 a4 65. Ka2 Kc3 66. Bg4 Kd3 67. Kb1 Ke3 68. Ka2 Kd2 69. Kb1 Kc3 70. Ka2 Kc2 71. Bf5+ Kc1 72. Bg4 1/2-1/2

[Event "Puhajarve rap op 23rd"]
[Site "Puhajarve"]
[Date "2023.11.25"]
[Round "26"]
[White "Hellers, Ferdinand"]
[Black "Zhu, Chen"]
[Result "1-0"]
[WhiteElo "2592"]
[BlackElo "2423"]
[PlyCount "85"]
[EventDate "2023.11.24"]
[EventType "tourn (rapid)"]
[EventRounds "33"]
[EventCountry "EST"]
[SourceTitle "CBM 217 Extra"]
[Source "ChessBase"]
[SourceDate "2024.01.31"]
[SourceVersion "1"]
[SourceVersionDate "2024.01.31"]
[SourceQuality "1"]

1. e4 d6 2. d4 Nf6 3. Nc3 e5 4. Nge2 Be7 5. g3 Bg4 6. Bg2 exd4 7. Qxd4 Nc6 8. Qe3 Nb4 9. Qd2 0-0 10. 0-0 a5 11. b3 Qc8 12. Bb2 Bh3 13. Nf4 Bxg2 14. Kxg2 Re8 15. Rae1 Bf8 16. f3 g6 17. a3 Na6 18. Ncd5 Nxd5 19. Nxd5 Re5 20. Nf6+ Kh8 21. f4 Re6 22. Nd5+ Bg7 23. Bxg7+ Kxg7 24. Qd4+ f6 25. e5 dxe5 26. fxe5 f5 27. Nf4 c5 28. Nxe6+ Qxe6 29. Qd6 Re8 30. Rd1 Qxe5 31. Qxe5+ Rxe5 32. Rd7+ Kh6 33. Rxb7 c4 34. b4 c3 35. Kf3 axb4 36. axb4 Re4 37. Rb1 Rd4 38. Rb3 Rc4 39. h4 Nc7 40. Ra3 Ne6 41. Raa7 Nd4+ 42. Ke3 Kh5 43. Kd3 1-0

[Event "Puhajarve rap op 23rd"]
[Site "Puhajarve"]
[Date "2023.11.25"]
[Round "20"]
[White "Kais, Kristofer"]
[Black "Zhu, Chen"]
[Result "1-0"]
[WhiteElo "1278"]
[BlackElo "2423"]
[PlyCount "68"]
[EventDate "2023.11.24"]
[EventType "tourn (rapid)"]
[EventRounds "33"]
[EventCountry "EST"]
[SourceTitle "CBM 217 Extra"]
[Source "ChessBase"]
[SourceDate "2024.01.31"]
[SourceVersion "1"]
[SourceVersionDate "2024.01.31"]
[SourceQuality "1"]

1. d4 d5 2. c4 c6 3. Nc3 Nf6 4. Nf3 e6 5. e3 Nbd7 6. b3 Bd6 7. Bd3 0-0 8. 0-0 dxc4 9. bxc4 e5 10. Bb2 Re8 11. dxe5 Nxe5 12. Nxe5 Bxe5 13. Rc1 Qe7 14. Qc2 Bc7 15. e4 Ng4 16. h3 Qe5 17. g3 Nh6 18. Nd5 Qh5 19. Nxc7 Bxh3 20. f3 Qg5 21. Kh2 Bxf1 22. Rxf1 Rad8 23. Nxe8 Rxe8 24. Bc1 Qh5+ 25. Kg2 Rd8 26. Rh1 Qg6 27. Bxh6 gxh6 28. Rd1 h5 29. Be2 Re8 30. Rh1 Qg5 31. Qc3 Rd8 32. Qc1 Rd2 33. Qe1 Qe3 34. Kh3 Rc2 1-0